Psychometric Evaluation of the Slovak Version of the Self-Reflection and Insight Scale (SRIS)
Sebauvedomenie možno chápať ako vlastnosť, t. j. relatívne konzistentný vzorec pozornosti alebo stav často označovaný ako sebavedomie. Princípy koučingu, rámcov osobného rozvoja a metakognitívnych teórií na základe skorších štúdií súkromného sebauvedomenia. Rozlíšenie dvoch hlavných metakognitívnych...
Salvato in:
| Autore principale: | |
|---|---|
| Altri autori: | |
| Natura: | Capitolo di libro |
| Lingua: | inglese |
| Soggetti: | |
| Tags: |
Nessun Tag, puoi essere il primo ad aggiungerne!!
|
MARC
| LEADER | 00000naa a2200000 4500 | ||
|---|---|---|---|
| 001 | 0312810 | ||
| 005 | 20251015093137.6 | ||
| 041 | 0 | |a eng | |
| 044 | |a SK | ||
| 245 | 1 | 0 | |a Psychometric Evaluation of the Slovak Version of the Self-Reflection and Insight Scale (SRIS) |c Simona Dudová, Pavol Kačmár |
| 520 | |a Sebauvedomenie možno chápať ako vlastnosť, t. j. relatívne konzistentný vzorec pozornosti alebo stav často označovaný ako sebavedomie. Princípy koučingu, rámcov osobného rozvoja a metakognitívnych teórií na základe skorších štúdií súkromného sebauvedomenia. Rozlíšenie dvoch hlavných metakognitívnych faktorov sebauvedomenia: sebareflexie a vhľadu. Zatiaľ čo sebareflexia zahŕňa skúmanie a hodnotenie vnútorných procesov, vhľad zahŕňa jasnosť v pochopení týchto procesov. Všeobecný model sebaregulácie a dosahovania cieľov, v ktorom hrajú dôležitú úlohu oba aspekty sebauvedomenia – sebareflexia a vhľad. Meranie sebauvedomenia a stupnica sebareflexie a vhľadu. | ||
| 610 | 2 | 0 | |a psychológia aplikovaná |
| 610 | 2 | 0 | |a sebavedomie |
| 610 | 2 | 0 | |a sebariadenie |
| 610 | 2 | 0 | |a rozvoj osobný |
| 610 | 2 | 0 | |a meranie |
| 610 | 2 | 0 | |a modely |
| 100 | 1 | |a Dudová, Simona | |
| 700 | 1 | |a Kačmár, Pavol | |